000 00754 a2200181 4500
999 _c4955
_d4955
020 _a0751401595 (acidfree paper)
050 0 0 _aQA 184 WHI 1991
100 1 _aWhitelaw, Thomas A.
_eauthor
245 1 0 _aIntroduction to linear algebra /
_cThomas A. Whitelaw.
250 _a2nd ed.
264 _aLondon :
_bBlackie Academy & Proffessional
_c1991
300 _ax, 275 p. :
_bill. ;
500 _aIncludes index.
650 0 _aAlgebras, Linear.
856 4 2 _3Publisher description
_uhttp://www.loc.gov/catdir/enhancements/fy0738/99018118-d.html
942 _2lcc
_cBK
_e2nd
_h184
_iWHI
_kQA